<?xml version="1.0" encoding="UTF-8"?>
<record
    xmlns:xsi="http://www.w3.org/2001/XMLSchema-instance"
    xsi:schemaLocation="http://www.loc.gov/MARC21/slim http://www.loc.gov/standards/marcxml/schema/MARC21slim.xsd"
    xmlns="http://www.loc.gov/MARC21/slim">

  <leader>01740nam a22001577a 4500</leader>
  <datafield tag="999" ind1=" " ind2=" ">
    <subfield code="c">519228</subfield>
    <subfield code="d">519228</subfield>
  </datafield>
  <controlfield tag="008">220215b           ||||| |||| 00| 0 eng d</controlfield>
  <datafield tag="100" ind1=" " ind2=" ">
    <subfield code="a">Laishram, Chinglen and  Kumar, Pawan</subfield>
    <subfield code="9">32273</subfield>
  </datafield>
  <datafield tag="245" ind1=" " ind2=" ">
    <subfield code="a">Democracies or authoritarians? Regime differences in the efficacy of handling Covid-19 in 158 countries</subfield>
  </datafield>
  <datafield tag="260" ind1=" " ind2=" ">
    <subfield code="a">Indian Journal of Public Administration  </subfield>
  </datafield>
  <datafield tag="300" ind1=" " ind2=" ">
    <subfield code="a">67(3), Sep, 2021: p.470-483</subfield>
  </datafield>
  <datafield tag="520" ind1=" " ind2=" ">
    <subfield code="a">A new genre of contestation is seen in the discourse of democracy and governance worldwide concerning efficacy in combating the Covid-19 pandemic, that is, which regime is handling the pandemic better&#x2014;authoritarian or democratic? As a response to this debate, premised on the practicality that differences in total confirmed cases and deaths reflect the raw quantity of government&#x2019;s ability to control and handle an infectious disease, we examined differences in the reported number of total confirmed cases and deaths across the categories of political regimes. We used regime classification from the Economist Intelligence Unit&#x2019;s (EIU) Democratic Index&#x2014;full democracy, flawed democracy, hybrid and authoritarian regime. The country-wise reported number of Covid-19 confirmed cases and deaths were extracted from World Health Organization&#x2019;s 6th Weekly Epidemiological Report. The results spotlight that if the democratic countries are inevitably more susceptible to pandemics, then we need to cautiously reassess the notion of public health and pandemics in the context of political regimes. &#x2013; Reproduced </subfield>
  </datafield>
  <datafield tag="650" ind1=" " ind2=" ">
    <subfield code="a">Covid-19, Pandemic, Public health, Political regime, Democracy, Authoritarian</subfield>
    <subfield code="9">29912</subfield>
  </datafield>
  <datafield tag="773" ind1=" " ind2=" ">
    <subfield code="a">Indian Journal of Public Administration  </subfield>
  </datafield>
  <datafield tag="906" ind1=" " ind2=" ">
    <subfield code="a">COVID-19 (DISEASE)</subfield>
  </datafield>
  <datafield tag="942" ind1=" " ind2=" ">
    <subfield code="c">AR</subfield>
  </datafield>
  <datafield tag="952" ind1=" " ind2=" ">
    <subfield code="0">0</subfield>
    <subfield code="1">0</subfield>
    <subfield code="2">ddc</subfield>
    <subfield code="4">0</subfield>
    <subfield code="7">0</subfield>
    <subfield code="9">393279</subfield>
    <subfield code="a">IIPA</subfield>
    <subfield code="b">IIPA</subfield>
    <subfield code="d">2022-02-15</subfield>
    <subfield code="h">67(3), Sep, 2021: p.470-483</subfield>
    <subfield code="p">AR126260</subfield>
    <subfield code="r">2022-02-15</subfield>
    <subfield code="y">AR</subfield>
  </datafield>
</record>
